000 01072nam2a22002531 4500
001 RU\NLR\INFOCOMM7\1000093322
005 20250617013517.0
035 _a(NLR Aleph) 002348022
090 _a4503570
_c4503570
100 _a20041115d1885 |||y0rusy50 ca
101 0 _arus
102 _aRU
105 _ay |||||||||
200 0 _a[Г.3]1885/1886, Т.2, Вып.1
210 _d1885
_aБ. м.
421 0 _12001#$a[Атлас чертежей]
_1215##$a10 л.черт.
_t[Атлас чертежей]
461 0 _1001RU\NLR\INFOCOMM7\1000093310
_12001#$aИзвестия Собрания инженеров путей сообщения$v[Г.3]1885/1886, Т.2, Вып.1
_94503559
_aСобрание инженеров путей сообщения (Петербург)
_cСПб.
_d1883-1918
_tИзвестия Собрания инженеров путей сообщения
_v[Г.3]1885/1886, Т.2, Вып.1
801 1 _aRU
_bInfoComm
_c20041115
801 0 _aRU
_bNLR
_gPSBO
852 _aNLR
_j2/745низ.
942 _cISSUE
980 _aNB
980 _aRUSPER